[Event "CZE-chT U18 Extraliga final-A 1516"]
[Site "Czech Republic"]
[Date "2016.04.23"]
[Round "10.5"]
[White "Skalsky, Alexandr"]
[Black "Feltl, Patrik"]
[Result "1-0"]
[WhiteElo "1848"]
[BlackElo "1630"]
[PlyCount "63"]
[EventDate "2015.10.03"]
[EventType "team-tourn"]
[EventRounds "11"]
[EventCountry "CZE"]
[SourceTitle "EXT 2022"]
[Source "ChessBase"]
[SourceDate "2021.10.06"]
[SourceVersion "1"]
[SourceVersionDate "2021.10.06"]
[SourceQuality "1"]
[WhiteTeam "Stare Mesto U18"]
[BlackTeam "Policka Stefanydes U18"]
[WhiteTeamCountry "CZE"]
[BlackTeamCountry "CZE"]

1. e4 e6 2. d4 d5 3. Nc3 Nf6 4. e5 Nfd7 5. f4 c5 6. Nf3 Qb6 7. Na4 Qa5+ 8. c3 cxd4 9. b4 Qc7 10. Nxd4 a6 11. Qd3 Nb6 12. Nxb6 Qxb6 13. Be3 Bd7 14. Qd2 Qc7 15. Bd3 Nc6 16. a4 Nxd4 17. Bxd4 a5 18. b5 Bc5 19. 0-0 b6 20. Qe3 Rc8 21. Rac1 h6 22. Kh1 g6 23. Rc2 Ke7 24. g4 h5 25. f5 Be8 26. fxe6 fxe6 27. Rcf2 Rh7 28. Qg5+ Kd7 29. Bxg6 Bxg6 30. Qxg6 Re7 31. Rf7 Rce8 32. gxh5 1-0

[Event "CZE-chT U18 Extraliga West 1516"]
[Site "Czech Republic"]
[Date "2016.01.23"]
[Round "6.5"]
[White "Jirousek, Tadeas"]
[Black "Feltl, Patrik"]
[Result "1-0"]
[WhiteElo "1583"]
[BlackElo "1630"]
[PlyCount "54"]
[EventDate "2015.10.03"]
[EventType "team-tourn"]
[EventRounds "11"]
[EventCountry "CZE"]
[SourceTitle "EXT 2022"]
[Source "ChessBase"]
[SourceDate "2021.10.06"]
[SourceVersion "1"]
[SourceVersionDate "2021.10.06"]
[SourceQuality "1"]
[WhiteTeam "Ricany U18"]
[BlackTeam "Policka Stefanydes U18"]
[WhiteTeamCountry "CZE"]
[BlackTeamCountry "CZE"]

1. d4 d5 2. Nf3 Nf6 3. e3 Bg4 4. h3 Bxf3 5. Qxf3 e6 6. c4 Nbd7 7. Nc3 Bb4 8. Bd3 c6 9. 0-0 0-0 10. Bd2 Re8 11. a3 Be7 12. cxd5 exd5 13. Rfe1 Qb6 14. b4 a6 15. Na4 Qc7 16. Nc5 Bxc5 17. bxc5 Ne4 18. Qe2 Ndf6 19. Reb1 Re7 20. Be1 Rae8 21. Rb3 Ra8 22. Rab1 Ra7 23. Qb2 h6 24. Rb6 Nh7 25. Ba5 Qd7 26. Qc2 Nf8 27. R6b3 g6 1-0